Retrouvez la projection cartographique - Statistiques

Statistiques générales
  • Ce quiz a été pris 16 fois
  • Le résultat moyen est 2 sur 9
Statistiques - réponses
Par images Réponse % Correct
Projection de Mercator
100%
Projection de Peters
29%
Projection de Fuller
14%
Projection de Bottomley
7%
Projection de Postel
7%
Projection de Waterman
7%
Projection Eckert IV
7%
Projection d'Albers
0%
Projection de Winkel-Tripel
0%
Aucun quiz correspondant
Distribution des résultats
% des personnes avec chaque résultat
Percentile par nombre de réponses
Votre historique - résultats
Vous n’avez pas pris ce quiz